000
00331nam a2200121Ia 4500
008
240719s9999 xx 000 0 und d
041
_a
eng
082
_a
658 GOL
100
_a
Goldsmith, Marshall
245
_a
The Rules Of Leadership And The E5 Movement
260
_a
Delhi
_b
Jaico Publishing House
_c
2020
300
_a
220;. P. 22 Cm
999
_c
41415
_d
41415